La penalidad en los pueblos antiguos y modernos (Record no. 159290)

MARC details
000 -LEADER
campo de control de longitud fija 00750nam a2200169 i 4500
001 - NÚMERO DE CONTROL
campo de control 159290
003 - IDENTIFICADOR DE NÚMERO DE CONTROL
campo de control ES-MaACL
005 - FECHA Y HORA DE LA ÚLTIMA TRANSACCIÓN
campo de control 20230906211529.0
008 - DATOS DE LONGITUD FIJA--INFORMACIÓN GENERAL
campo de control de longitud fija 981119s1877 sp |||| | spa d
080 ## - NÚMERO DE LA CLASIFICACIÓN DECIMAL UNIVERSAL
Número de la Clasificación Decimal Universal 343.21(091)
100 1# - ENTRADA PRINCIPAL--NOMBRE DE PERSONA
Nombre de persona Melchor y Lamanette, Federico.
9 (RLIN) 129802
245 13 - MENCIÓN DEL TÍTULO
Título La penalidad en los pueblos antiguos y modernos
Resto del título : estudio histórico /
Mención de responsabilidad, etc. por Federico Melchor y Lamanette.
260 ## - PUBLICACIÓN, DISTRIBUCIÓN, ETC.
Lugar de publicación, distribución, etc. Madrid :
Nombre del editor, distribuidor, etc. [s.n.],
Fecha de publicación, distribución, etc. 1877 (
Fabricante Imp. de la Revista de Legislación)
300 ## - DESCRIPCIÓN FÍSICA
Extensión 160 p. ;
Dimensiones 21 cm.
650 #4 - PUNTO DE ACCESO ADICIONAL DE MATERIA--TÉRMINO DE MATERIA
Término de materia o nombre geográfico como elemento de entrada Penas-
Subdivisión de forma Historia.
9 (RLIN) 161974
852 ## - LOCALIZACIÓN
Ubicación ES-MaACL
Número de control de estantería D-260(5)
Nota libre - Enc. en un vol. facticio, formando parte de la col. facticia "Estudios penitenciarios", n. 6
-- - Donativo Lastres
-- - Dedicatoria ms. del autor a Francisco Lastres
Holdings
Estatus retirado Estado de pérdida Estado de daño No para préstamo Colección Biblioteca de origen Biblioteca actual Ubicación en estantería Fecha de adquisición Fuente de adquisición Total de préstamos Signatura topográfica completa Código de barras Visto por última vez Precio de reemplazo Tipo de ítem Koha
        Libros del s. XIX Biblioteca del Ateneo de Madrid Biblioteca del Ateneo de Madrid Sala Valle Inclán 17/01/2008     D-260(5) 901166751 23/02/2023 23/02/2023 Libro impreso antiguo